History of the church in Namibia (Record no. 34408)

MARC details
000 -LEADER
fixed length control field 00619nam a22001697a 4500
008 - FIXED-LENGTH DATA ELEMENTS--GENERAL INFORMATION
fixed length control field 090420t xxu||||| |||| 00| 0 eng d
020 ## - INTERNATIONAL STANDARD BOOK NUMBER
International Standard Book Number 0895793032
050 ## - LIBRARY OF CONGRESS CALL NUMBER
Classification number BR1458
Item number .B89 1994
100 ## - MAIN ENTRY--PERSONAL NAME
Personal name Nambala, Shekutaamba
245 ## - TITLE STATEMENT
Title History of the church in Namibia
Statement of responsibility, etc Shekutaamba Nambala; edited by Oliver K. olson
260 ## - PUBLICATION, DISTRIBUTION, ETC. (IMPRINT)
Place of publication, distribution, etc USA
Name of publisher, distributor, etc Lutheran Quarterly
Date of publication, distribution, etc 1994
300 ## - PHYSICAL DESCRIPTION
Extent 170p. ;
Dimensions 23cm
500 ## - GENERAL NOTE
General note Includes bibliographical references
650 ## - SUBJECT ADDED ENTRY--TOPICAL TERM
Source of heading or term Namibia
General subdivision Church history
942 ## - ADDED ENTRY ELEMENTS (KOHA)
Source of classification or shelving scheme Library of Congress Classification
Item type Book
Holdings
Withdrawn status Lost status Source of classification or shelving scheme Damaged status Not for loan Collection code Home library Current library Shelving location Date acquired Total Checkouts Full call number Barcode Copy number Price effective from Koha item type
    Library of Congress Classification     Non-fiction Bishop Okullu Memorial Library (Limuru Campus) Bishop Okullu Memorial Library (Limuru Campus) General Circulation 20/04/2009   BR1458 .B89 1994 004164 1 20/04/2009 Book